La epopeya de Gilgamesh / (Record no. 59663)

MARC details
000 -LEADER
campo de control de longitud fija 00495nam a2200181 i 4500
001 - NÚMERO DE CONTROL
campo de control 59663
003 - IDENTIFICADOR DE NÚMERO DE CONTROL
campo de control ES-MaACL
005 - FECHA Y HORA DE LA ÚLTIMA TRANSACCIÓN
campo de control 20260201161658.0
007 - CAMPO FIJO DE DESCRIPCIÓN FÍSICA--INFORMACIÓN GENERAL
campo de control de longitud fija t|
008 - DATOS DE LONGITUD FIJA--INFORMACIÓN GENERAL
campo de control de longitud fija 031030s1972 sp ||||1| spa d
245 03 - MENCIÓN DEL TÍTULO
Título La epopeya de Gilgamesh /
Mención de responsabilidad, etc. versión de Agustí Bartra.
250 ## - MENCION DE EDICION
Mención de edición [1ª ed.].
260 ## - PUBLICACIÓN, DISTRIBUCIÓN, ETC.
Lugar de publicación, distribución, etc. [Barcelona] :
Nombre del editor, distribuidor, etc. Plaza & Janés,
Fecha de publicación, distribución, etc. [1972]
300 ## - DESCRIPCIÓN FÍSICA
Extensión 140 p. ;
Dimensiones 20 cm.
700 1# - ENTRADA AGREGADA--NOMBRE PERSONAL
Nombre de persona Bartra, Agustí
9 (RLIN) 26185
852 ## - LOCALIZACIÓN
Ubicación ES-MaACL
Número de control de estantería C-50135
Sublocalización o colección R.83798
Holdings
Estatus retirado Estado de pérdida Estado de daño No para préstamo Biblioteca de origen Biblioteca actual Ubicación en estantería Fecha de adquisición Fuente de adquisición Total de préstamos Signatura topográfica completa Código de barras Visto por última vez Precio de reemplazo Tipo de ítem Koha
        Biblioteca del Ateneo de Madrid Biblioteca del Ateneo de Madrid Depósito 2 17/01/2008     C-50135 1062579 23/02/2023 23/02/2023 Libro impreso